<?xml version="1.0" encoding="UTF-8"?>
<record
    xmlns:xsi="http://www.w3.org/2001/XMLSchema-instance"
    xsi:schemaLocation="http://www.loc.gov/MARC21/slim http://www.loc.gov/standards/marcxml/schema/MARC21slim.xsd"
    xmlns="http://www.loc.gov/MARC21/slim">

  <leader>01016nam a22003014i 4500</leader>
  <datafield tag="999" ind1=" " ind2=" ">
    <subfield code="c">7581</subfield>
    <subfield code="d">7581</subfield>
  </datafield>
  <controlfield tag="001">991059289191206706</controlfield>
  <controlfield tag="003">OSt</controlfield>
  <controlfield tag="005">20211223150708.0</controlfield>
  <controlfield tag="008">210824e202105  spc           001 0 cat c</controlfield>
  <datafield tag="017" ind1=" " ind2=" ">
    <subfield code="a">DL B 7200-2021</subfield>
    <subfield code="b">Biblioteca de Catalunya</subfield>
  </datafield>
  <datafield tag="020" ind1=" " ind2=" ">
    <subfield code="a">9788417611705</subfield>
    <subfield code="q">(r&#xFA;stica)</subfield>
  </datafield>
  <datafield tag="035" ind1=" " ind2=" ">
    <subfield code="a">(OCoLC)1286215896</subfield>
  </datafield>
  <datafield tag="040" ind1=" " ind2=" ">
    <subfield code="a">ES-BaUPC</subfield>
    <subfield code="b">cat</subfield>
    <subfield code="e">rda</subfield>
    <subfield code="c">CDMR</subfield>
  </datafield>
  <datafield tag="100" ind1="1" ind2=" ">
    <subfield code="a">Merino, Andreu,</subfield>
  </datafield>
  <datafield tag="245" ind1="1" ind2="3">
    <subfield code="a">La Ciutat sense ve&#xEF;ns :</subfield>
    <subfield code="b">v&#xED;ctimes i botxins a la Barcelona de l'especulaci&#xF3; immobili&#xE0;ria /</subfield>
    <subfield code="c">Andreu Merino ; pr&#xF2;leg de Ferran Casas</subfield>
  </datafield>
  <datafield tag="264" ind1=" " ind2="1">
    <subfield code="a">Barcelona :</subfield>
    <subfield code="b">Saldonar,</subfield>
    <subfield code="c">2021</subfield>
  </datafield>
  <datafield tag="300" ind1=" " ind2=" ">
    <subfield code="a">173 p&#xE0;gines ;</subfield>
    <subfield code="c">21 cm</subfield>
  </datafield>
  <datafield tag="490" ind1="1" ind2=" ">
    <subfield code="a">Periodistes ;</subfield>
    <subfield code="v">8</subfield>
  </datafield>
  <datafield tag="650" ind1=" " ind2="7">
    <subfield code="a">Especulaci&#xF3; immobili&#xE0;ria</subfield>
    <subfield code="z">Catalunya</subfield>
    <subfield code="z">Barcelona</subfield>
    <subfield code="2">lemac</subfield>
  </datafield>
  <datafield tag="650" ind1=" " ind2="7">
    <subfield code="a">Dret a l'habitatge.</subfield>
    <subfield code="2">lemac</subfield>
  </datafield>
  <datafield tag="650" ind1=" " ind2="7">
    <subfield code="a">Habitatge</subfield>
    <subfield code="z">Barcelona.</subfield>
    <subfield code="2">lemac</subfield>
  </datafield>
  <datafield tag="650" ind1=" " ind2="7">
    <subfield code="a">Periodisme d'investigaci&#xF3;.</subfield>
    <subfield code="2">lemac</subfield>
  </datafield>
  <datafield tag="700" ind1="1" ind2=" ">
    <subfield code="a">Casas, Ferran,</subfield>
  </datafield>
  <datafield tag="830" ind1=" " ind2="0">
    <subfield code="a">Periodistes (Edicions Saldonar) ;</subfield>
    <subfield code="v">8</subfield>
  </datafield>
  <datafield tag="908" ind1=" " ind2=" ">
    <subfield code="a">UPC</subfield>
  </datafield>
  <datafield tag="940" ind1=" " ind2=" ">
    <subfield code="a">OCLC</subfield>
  </datafield>
  <datafield tag="942" ind1=" " ind2=" ">
    <subfield code="2">udc</subfield>
    <subfield code="c">MON</subfield>
  </datafield>
  <datafield tag="952" ind1=" " ind2=" ">
    <subfield code="0">0</subfield>
    <subfield code="1">0</subfield>
    <subfield code="4">0</subfield>
    <subfield code="7">0</subfield>
    <subfield code="a">CDMR</subfield>
    <subfield code="b">CDMR</subfield>
    <subfield code="d">2021-12-21</subfield>
    <subfield code="e">Donaci&#xF3;</subfield>
    <subfield code="g">17.00</subfield>
    <subfield code="l">0</subfield>
    <subfield code="o">Dj /130</subfield>
    <subfield code="p">CDMR21120111</subfield>
    <subfield code="r">2021-12-21</subfield>
    <subfield code="w">2021-12-21</subfield>
    <subfield code="y">MON</subfield>
  </datafield>
</record>
